Women And The Weight Loss Tamasha (Record no. 354626)

MARC details
000 -LEADER
fixed length control field 00378nam a2200157Ia 4500
008 - FIXED-LENGTH DATA ELEMENTS--GENERAL INFORMATION
fixed length control field 230719s9999 xx 000 0 und d
041 ## - LANGUAGE CODE
Language code of text/sound track or separate title eng
082 ## - DEWEY DECIMAL CLASSIFICATION NUMBER
Classification number 796.4'1
Item number DIW
100 ## - MAIN ENTRY--PERSONAL NAME
Personal name Divekar R.
9 (RLIN) 169276
245 ## - TITLE STATEMENT
Title Women And The Weight Loss Tamasha
260 ## - PUBLICATION, DISTRIBUTION, ETC. (IMPRINT)
Date of publication, distribution, etc. 2010
Name of publisher, distributor, etc. Westland
300 ## - PHYSICAL DESCRIPTION
Extent 374
365 ## - TRADE PRICE
Currency code Rs.
Price amount 250.00
700 ## - ADDED ENTRY--PERSONAL NAME
Personal name Divekar R.
9 (RLIN) 169276
906 ## - LOCAL DATA ELEMENT F, LDF (RLIN)
b 125
Holdings
Withdrawn status Lost status Damaged status Not for loan Home library Current library Shelving location Date acquired Vendor Cost, normal purchase price Full call number Barcode Date last seen Discount Cost, replacement price Bill Date Koha item type Original Barcode
        Cummins College of Engineering for Women Pune Cummins College of Engineering for Women Pune Donated Book 09/08/2021 Masurkar Enterprises 250.00 796.4'1 CCEP-DB-831 19/07/2023 125 125.00 19/07/2023 Books D00831